Managerial Paper P8, Financial Analysis (Record no. 4966)

MARC details
005 - DATE AND TIME OF LATEST TRANSACTION
control field 20250625091056.0
020 ## - INTERNATIONAL STANDARD BOOK NUMBER
International Standard Book Number 0-7517-2146-8
082 ## - DEWEY DECIMAL CLASSIFICATION NUMBER
Classification number 658.15CHA
111 ## - MAIN ENTRY--MEETING NAME
Meeting name or jurisdiction name as entry element PROFESSIONAL EDUCATION (BPP)
245 ## - TITLE STATEMENT
Title Managerial Paper P8, Financial Analysis
250 ## - EDITION STATEMENT
Edition statement 10th Ed.
260 ## - PUBLICATION, DISTRIBUTION, ETC.
Place of publication, distribution, etc. London,
Name of publisher, distributor, etc. British Library Cataloging-In- Publication Data,
Date of publication, distribution, etc. 2005.
300 ## - PHYSICAL DESCRIPTION
Extent xxiv.; 228p.; ill, figure, picture
Other physical details Glossary, Index,
Dimensions 29cm.
942 ## - ADDED ENTRY ELEMENTS (KOHA)
Source of classification or shelving scheme Dewey Decimal Classification
Koha item type Books
Holdings
Date last seen Total checkouts Full call number Barcode Cost, replacement price Price effective from Koha item type Lost status Source of classification or shelving scheme Damaged status Not for loan Withdrawn status Home library Current library Shelving location Date acquired Cost, normal purchase price
06/25/2025   658.15CHA DOM000666 150000.00 06/25/2025 Books   Dewey Decimal Classification       CBE Dodoma CBE Dodoma Special Reserve Collection 06/20/2010 50000.00